LEADER 02965nam2 2200421 i 450 001 BVEE015786 005 20170908093202.0 100 $a20050202d1553 ||||0itac50 ba 101 | $alat$agrc$aheb 102 $ach 181 1$6z01$ai $bxxxe 182 1$6z01$an 200 1 $a˜8: D. Hieronymi œOperum octauus tomus commentarios in Psalterium habet: accessit his Psalterium triplici lingua, Hebraica, Graeca, & Latina 210 $aBasileae$c[Hieronymus Froben]$d1553$eBasileae$gper Hieronymum Frobenium, et Nicolaum Episcopium$h1553 215 $a2 pt. 300 $aA cura di Bruno Amerbach, il cui nome figura nella pref 300 $aColophon in fine alla pt.1. 316 $av. 8. - Timbro RB sul front. - Poss. solo i fascic. A-Q6. - Ril. in fine le c. S2-S6 del v. 9. - Leg. con: Hieronymus. Octauus tomus commentarios..., Lione,1530$5IT-NA0079, SALA FARN.07. H 0040 461 1$1001BVEE015760$12001 $aOmnes quae extant D. Hieronymi Stridonensis lucubrationes, additis vna pseudepigraphis et alienis, scriptis ipsius admixtis, in nouem tomos, per Des. Erasmus Roterodamus digestae, ac tanta uigilantia postremùm emendatae, ut eruditus lector uix quicquam ultra queat desiderare, Praeterea indici operis qualis sit facta accessio, ex epistola ipsi praemissa, nobis tacentibus cognoscere licebit$v8 500 10$aBibbia. Antico Testamento. Salmi $3SBN0073942$91479839 620 $dBasilea$3BVEL000292 700 0$aHieronymus$c $3CFIV010145$4070$0187193 702 1$aAmerbach$b, Bruno$f $3BVEV044284 790 0$aGerolamo$c $3CFIV082334$zHieronymus 790 0$aJerôme$c $3CFIV156834$zHieronymus 790 0$aJerónimo$3IEIV087260$zHieronymus 790 0$aGirolamo$c $3MILV186364$zHieronymus 790 0$aHieronymus : Stridonensis$3MILV327573$zHieronymus 790 1$aHieronymus$b, Sophronius Eusebius$3TSAV367348$zHieronymus 801 3$aIT$bIT-NA0079$c20050202 850 $aIT-NA0079 899 1$aBiblioteca Nazionale Vittorio Emanuele III$bNA0079$eS$uhttp://books.google.com/books?vid=IBNN:BNANT001740449 912 $aBVEE015786 950 2$aBiblioteca Nazionale Vittorio Emanuele III$cv. 8. - Timbro RB sul front. - Poss. solo i fascic. A-Q6. - Ril. in fine le c. S2-S6 del v. 9. - Leg. con: Hieronymus. Octauus tomus commentarios..., Lione,1530$d BNSALA FARN.07. H 0040$e BNANT0017404495 B (1 v. 8. - Timbro RB sul front. - Poss. solo i fascic. A-Q6. - Ril. in fine le c. S2-S6 del v. 9. - Leg. con: Hieronymus. Octauus tomus commentarios..., Lione,1530$fC $h20050202$i20050202 956 $aBiblioteca Nazionale Vittorio Emanuele III$b1$cBNTD$d$eBNANT001740449$uhttp://books.google.com/books?vid=IBNN:BNANT001740449$z BNSALA FARN.07. H 0040 977 $a BN 996 $aBibbia. Antico Testamento. Salmi$91479839 997 $aUNISANNIO LEADER 01108nam--2200373---450- 001 990002700770203316 005 20060111120618.0 010 $a0-19-821939-3 035 $a000270077 035 $aUSA01000270077 035 $a(ALEPH)000270077USA01 035 $a000270077 100 $a20060111d1983----km-y0itay0103----ba 101 $aeng 102 $aGB 105 $a||||||||001yy 200 1 $a<> age of abbot Desiderius$eMontecassino,the papacy and the Normans in the eleventh and early twelfth centuries$fby H. E. J. Cowdrey 210 $aOxford$cClarendon Press$d1983 215 $aXLII, 300 p.$d22 cm. 410 0$12001 454 1$12001 461 1$1001-------$12001 600 0$aVittore 606 0 $aAbbazia di Montecassino$zSec. 11.-12. 676 $a282.0924 700 1$aCOWDREY,$bHerbert Edward John$0156920 801 0$aIT$bsalbc$gISBD 912 $a990002700770203316 951 $aS IV e 28$b704 FC$cS IV e 959 $aBK 969 $aDILAM 979 $aDILAM$b90$c20060111$lUSA01$h1206 996 $aAge of abbot Desiderius$917748 997 $aUNISA